000 00385nam a2200133Ia 4500
008 151001s9999||||xx |||||||||||||| ||und||
100 _aकुमुदिनी रांगणेकर
245 _aनाजूक ठेव
250 _a1
260 _bराजेंद्र प्रकाशन ठाणे
260 _c1983
300 _a211
365 _b18
999 _c963722
_d963719